00628nam a2200229 a 4500001001300000003000900013005001700022008004100039020001000080082001300090100001500103245004400118260004400162300000900206500003500215505001000250700001500260902000800275942000700283952009300290999001500383nice12345678IN_TiNIC20260116011904.0050524s1928 alla grp 000 0 eng  ac10000a201bLUC aLucas, J J aMemoir of Rev. Robert Steward Fullerton aAllahabadbChristian Lit. Societyc1928 a268p aincludes index and biblioraphy2 aIndex1 aLucas, J J bSRS cBK 00104070aHMIbHMId2007-03-19g100.00l0o201 LUCp5869r2007-03-19w2026-01-16yARB c4726d4726